000 00494nam a2200181Ia 4500
003 GCL
008 140319s9999 xx 000 0 eng d
040 _aGCL /
_cGCL
082 0 4 _a624.171
_bS S
100 1 _aSAWHNEY, P.S.
245 1 0 _aSTRUCTURAL MACHANICS ( INCLUDING GRAPHIC STATICS ) /
_cSAWHNEY, P.S.
260 _a[S.N] :
_bSCHAND & COMPONY ،
_c1990
300 _a891 P
650 0 4 _aSTRUCTURAL MECHNAICS
650 0 4 _aEQUILIBRIUM
650 0 4 _aGRAPHIC - STATICS
942 _2ddc
_cBK
999 _c20517
_d20517